Promised land and right to subsistence : the disintegration of peasantry and the neoliberal policy on food security in India (Record no. 22976)
[ view plain ]
| 000 -LEADER | |
|---|---|
| fixed length control field | 00568cam a22002055i 4500 |
| 020 ## - INTERNATIONAL STANDARD BOOK NUMBER | |
| ISBN | 9788184656367 |
| 020 ## - INTERNATIONAL STANDARD BOOK NUMBER | |
| ISBN | 818465636X |
| 082 04 - DEWEY DECIMAL CLASSIFICATION NUMBER | |
| Classification number | 241.68 |
| Author Cutter | RAJ |
| 100 1# - MAIN ENTRY--AUTHOR NAME | |
| Author name | Rajadurai, Samuel, |
| 245 10 - TITLE STATEMENT | |
| Title | Promised land and right to subsistence : the disintegration of peasantry and the neoliberal policy on food security in India |
| 260 ## - PUBLICATION, DISTRIBUTION, ETC. (IMPRINT) | |
| Place of publication | ISPCK |
| Name of publisher | DELHI |
| Year of publication | 2017 |
| 300 ## - PHYSICAL DESCRIPTION | |
| Number of Pages | xxx, 203 pages ; |
| 650 #0 - SUBJECT ADDED ENTRY--TOPICAL TERM | |
| Topical Term | Food security |
| 650 #0 - SUBJECT ADDED ENTRY--TOPICAL TERM | |
| Topical Term | Food security |
| 650 #0 - SUBJECT ADDED ENTRY--TOPICAL TERM | |
| Topical Term | Peasants |
| 650 #0 - SUBJECT ADDED ENTRY--TOPICAL TERM | |
| Topical Term | Neoliberalism |
| 650 #0 - SUBJECT ADDED ENTRY--TOPICAL TERM | |
| Topical Term | Neoliberalism |
| 942 ## - ADDED ENTRY ELEMENTS (KOHA) | |
| Koha item type | Books |
| Home library | Current library | Shelving location | Date acquired | Source of acquisition | Cost, normal purchase price | Full call number | Accession Number | Koha item type |
|---|---|---|---|---|---|---|---|---|
| Henry Martyn Institute Library | Henry Martyn Institute Library | General stacks | 06/12/2020 | ISPCK | 275.00 | 241.68 RAJ | 11004412 | Books |
